Praha neznámá procházky po netradičních místech a zákoutích

Bibliographic Details
Main Author: Ryska, Petr, 1963- (Author)
Format: Book
Language:Czech
PhysicalDescription:232 s. fotogr. 24 cm
Published: Praha Grada Publishing 2016
ISBN:9788024756516
Edition:1. vyd.
Subjects:

MARC

LEADER 00000cam a2200000 a 4500
001 vtls011563950
003 SK-MaSNL
005 20260301135405.0
008 160629s2016 xr o g fn 001 0 cze
020 |a 9788024756516  |q (viazané) 
040 |a SNK  |b slo  |c SNK  |e AACR2 
041 0 |a cze 
043 |a e-xr---  |b e-xr-pg  |2 czenas 
044 |a xr  |c CZ 
072 7 |a 913(437)  |x Geografia Česka a Slovenska, reálie, cestovanie  |2 konspekt 
080 |a 72:904  |2 2011 
080 |a 911.3:908  |2 2011 
080 |a (437.311)  |2 2011 
080 |a (084.12)  |2 2011 
080 |a (036)  |2 2011 
100 1 |a Ryska, Petr,  |d 1963-  |4 aut  |9 165307 
245 1 0 |a Praha neznámá  |b procházky po netradičních místech a zákoutích  |c Petr Ryska 
250 |a 1. vyd. 
260 |a Praha  |b Grada Publishing  |c 2016 
300 |a 232 s.  |b fotogr.  |c 24 cm 
504 |a Bibliografia: s. 232- ; menný register ; register miestnych názvov 
650 0 7 |a architektonické pamiatky  |2 SNKPH  |9 28990 
650 0 7 |a Architectural monuments  |2 SNKPHeng  |9 279148 
650 0 7 |a historický miestopis  |2 SNKPH  |9 236413 
650 0 7 |a Historical topography  |2 SNKPHeng  |9 325442 
651 7 |a Praha (Česko)  |2 SNKPH  |9 19313 
651 7 |a Prague (Czech Republic)  |2 SNKPHeng  |9 317613 
655 7 |a fotografické publikácie  |2 SNKPH  |9 70483 
655 7 |a sprievodcovia (publikácie)  |2 SNKPH  |9 219172 
655 7 |a Photographic publication  |2 SNKPHeng  |9 266858 
655 7 |a Guidebooks  |2 SNKPHeng  |9 268010 
919 |a 978-80-247-5651-6 
958 |a TL 
958 |a NB 
958 |a CZ 
999 |c 760039  |d 761969 
952 |t snkPRA/1 908(036)  |a SNKUST  |b SNKUST  |y PREZ  |7 0  |p 17A1249988  |o snkIC 142975  |i snk2016/27589  |8 4  |g 12.07  |0 0  |1 0  |4 0  |d 2016-11-04  |l 0  |r 2025-05-28 00:00:00  |w 2026-02-24